000 00583ntaaa2200193 4500
003 01
005 20251027201019.0
008 0714s1973 ag 01
040 _aAR-BaBN
_bspa
_cAR-BaBN
_eaacr
_dRIC
082 _a136.7354 L88
100 _aLorand, Sandor
_92898
245 _aAdolescents. Psychoanalytic approach to problems and therapy /
_cSandor Lorand, Henry I. Schneer
250 _a1 ed.
300 _axiv, 378 p.
500 _aEstudio psicoanalĂ­tico de los problemas de los adolescentes
650 _aPsicoanálisis
_92743
700 _aSchneer, Henry I.
_97325
942 _cBK
999 _c4216
_d4216